Joueurs ayant inscrit un CSC dans l'Euro 2024 - Statistiques

Statistiques générales
  • Ce quiz a été pris 18 fois
  • Le résultat moyen est 4 sur 10
Statistiques - réponses
Pays Joueur % Correct
Allemagne Antonio Rüdiger
93%
Belgique Jan Vertonghen
60%
Italie Riccardo Calafiori
60%
Espagne Robin Le Normand
53%
Pays-Bas Donyell Malen
33%
Autriche Maximilian Wober
33%
Turquie Mert Muldur
13%
Turquie Samet Akaydin
13%
Albanie Klaus Gjasula
0%
République Tchèque Robin Hranac
0%
Aucun quiz correspondant
Distribution des résultats
% des personnes avec chaque résultat
Percentile par nombre de réponses
Votre historique - résultats
Vous n’avez pas pris ce quiz